The Gospel of Paul. (Record no. 5760)

000 -LEADER
fixed length control field 00609nam a2200193 a 4500
001 - CONTROL NUMBER
control field :::00003502$&:&@@
003 - CONTROL NUMBER IDENTIFIER
control field OkBaRHE
005 - DATE AND TIME OF LATEST TRANSACTION
control field 20000607103306.0
008 - FIXED-LENGTH DATA ELEMENTS--GENERAL INFORMATION
fixed length control field s1973 j 000 0 eng u
040 ## - CATALOGING SOURCE
Transcribing agency
100 1# - MAIN ENTRY--PERSONAL NAME
Personal name Campbell, Robert C.
245 14 - TITLE STATEMENT
Title The Gospel of Paul.
260 ## - PUBLICATION, DISTRIBUTION, ETC. (IMPRINT)
Place of publication, distribution, etc Valley Forge, PA., :
Name of publisher, distributor, etc Judson Press
Date of publication, distribution, etc c1973
300 ## - PHYSICAL DESCRIPTION
Extent 62 p. ;
Dimensions 22 cm.
650 ## - SUBJECT ADDED ENTRY--TOPICAL TERM
Topical term or geographic name as entry element Bible New Testament 1 Corinthians
General subdivision Theology
650 ## - SUBJECT ADDED ENTRY--TOPICAL TERM
Topical term or geographic name as entry element Bible New Testament Romans
General subdivision Theology
942 ## - ADDED ENTRY ELEMENTS (KOHA)
Source of classification or shelving scheme
Koha item type Books
Copies
Withdrawn status Date last seen Price effective from Koha item type Permanent Location Damaged status Shelving location Copy number Lost status Source of classification or shelving scheme Date acquired Full call number Barcode Not for loan
 2018-03-282010-04-14BooksRHEMA Bible Training College General Stacks1  2010-04-14BS 2675.2 .C353502